| Tag |
First Indicator |
Second Indicator |
Subfields |
| LEADER |
00000cam a22000001a 4500 |
| 001 |
in00003330921 |
| 006 |
m d f |
| 007 |
cr bn mmmapmmp |
| 008 |
110909s2005 dcua ob f000 0 eng d |
| 005 |
20260511210412.6 |
| 035 |
|
|
|a chdc200500011
|
| 040 |
|
|
|a ProQuest
|c ProQuest
|d UtOrBLW
|
| 043 |
|
|
|a n-us---
|
| 074 |
|
|
|a 1010-A
|
| 074 |
|
|
|a 1010-A (online)
|
| 074 |
|
|
|a 1010-B (MF)
|
| 074 |
|
|
|a 1010-B (online)
|
| 088 |
|
|
|a Serial no. 109-4 (United States. Congress. House. Committee on Agriculture)
|
| 099 |
|
|
|a HRG-2005-HAG-0047
|
| 110 |
1 |
|
|a United States.
|b Congress.
|b House.
|b Committee on Agriculture.
|
| 245 |
1 |
0 |
|a Review of U.S. agricultural trade with Cuba :
|b hearing before the Committee on Agriculture, House of Representatives, One Hundred Ninth Congress, first session, March 16, 2005.
|
| 246 |
3 |
|
|a Review of US agricultural trade with Cuba
|
| 264 |
|
1 |
|a Washington :
|b U.S. G.P.O. :
|c 2005.
|
| 264 |
|
2 |
|a Washington :
|b For sale by the Supt. of Docs., U.S. G.P.O.,
|
| 300 |
|
|
|a 1 online resource.
|
| 336 |
|
|
|a text
|b txt
|2 rdacontent
|
| 337 |
|
|
|a computer
|b c
|2 rdamedia
|
| 338 |
|
|
|a online resource
|b cr
|2 rdacarrier
|
| 500 |
|
|
|a Distributed to some depository libraries in microfiche.
|
| 500 |
|
|
|a Shipping list number: 2005-0200-P.
|
| 530 |
|
|
|a Also available via Internet from the Agriculture Committee web site. Address as of 8/10/05: http://agriculture.house.gov/hearings/109/1094.pdf; current access available via PURL.
|
| 504 |
|
|
|a Includes bibliographical references.
|
| 500 |
|
|
|a "Serial number 109-4."
|
| 500 |
|
|
|a Reuse of record except for individual research requires license from ProQuest, LLC.
|
| 500 |
|
|
|a Electronic resource.
|
| 538 |
|
|
|a System requirements: PDF reader software.
|
| 650 |
|
0 |
|a Produce trade
|x Government policy
|z United States.
|
| 650 |
|
0 |
|a Agricultural industries
|x Government policy
|z United States.
|
| 650 |
|
0 |
|a Export controls
|z United States.
|
| 650 |
|
0 |
|a Economic sanctions, American
|z Cuba.
|
| 651 |
|
0 |
|a United States
|x Foreign economic relations
|z Cuba.
|
| 651 |
|
0 |
|a Cuba
|x Foreign economic relations
|z United States.
|
| 655 |
|
7 |
|a Electronic books.
|2 local
|
| 710 |
2 |
|
|a ProQuest (Firm)
|
| 776 |
0 |
8 |
|i Print version:
|a United States.Congress.House.Committee on Agriculture.
|t Review of U.S. agricultural trade with Cuba
|w (DLC)2006360136
|w (OCoLC)ocm61238976
|z 0160748534
|
| 776 |
0 |
8 |
|i Microfiche version:
|a United States.Congress.House.Committee on Agriculture.
|t Review of U.S. agricultural trade with Cuba
|d [Bethesda, Md.] : ProQuest LLC, [2004]
|o CIS 2005 H161-4
|w (ProQuest)cis00500003
|
| 830 |
|
0 |
|a U.S. Congressional Hearings.
|
| 856 |
4 |
0 |
|u http://proxy.library.tamu.edu/login?url=https://congressional.proquest.com/congcomp/getdoc?HEARING-ID=HRG-2005-HAG-0047
|z Connect to the full text of this electronic book
|t 0
|
| 998 |
|
|
|a cis00500003
|
| 999 |
|
|
|a MARS
|
| 999 |
f |
f |
|s a8b5f0a3-7d87-3e5f-932d-ba362936803c
|i 9c51f5be-f137-35a5-9bd8-768bfd0957d1
|t 0
|
| 952 |
f |
f |
|a Texas A&M University
|b College Station
|c Electronic Resources
|s www_evans
|d Available Online
|t 0
|e HRG-2005-HAG-0047
|h Other scheme
|
| 998 |
f |
f |
|a HRG-2005-HAG-0047
|t 0
|l Available Online
|